Květena ČSR a ilustrovaný klíč k určení všech cevnatých rostlin, na území Československa planě rostoucích, nebo běžně pěstovaných /

Hlavní autor: Dostál, Josef, 1903-1999
Jazyk: Čeština
Vydáno: Praha : Přírodovědecké nakladatelství, 1950
Edice: Sbírka příruček Československé botanické společnosti
Témata:
Fyzický popis: 64, 2269 s.
Knihy
Uloženo v:
LEADER 01466nam a22002892a 4500
001 000073465
003 CZ BrMZK
005 20070504073546.0
007 ta
008 950101s1950 xr f cze d
040 |a BOA001  |b cze 
080 |a 582(437)  |2 MRF 
100 1 |a Dostál, Josef,  |d 1903-1999  |7 jk01022807 
245 1 0 |a Květena ČSR a ilustrovaný klíč k určení všech cevnatých rostlin, na území Československa planě rostoucích, nebo běžně pěstovaných /  |c za spolupráce čelných botaniků českých a slovenských napsal Josef Dostál 
260 |a Praha :  |b Přírodovědecké nakladatelství,  |c 1950 
300 |a 64, 2269 s. 
490 1 |a Sbírka příruček Československé botanické společnosti ;  |v sv. 2 
653 0 |a květena 
830 0 |a Sbírka příruček Československé botanické společnosti 
910 |a BOA001  |b 2-0264.294 
964 |a Květena  |y Československo 
990 |a BK 
996 7 |b 2619885782  |c 2-0264.294  |d II/2  |v II/2  |l MZK  |r Sklad / do 24 hodin  |n 18  |w 000073465  |u 000050  |a 1  |e BOA001  |j MZK50  |s A 
996 3 |b 2619893636  |c 2-0264.294  |l MZK  |r TR3  |n 0  |w 000073465  |u 000040  |a 1  |e BOA001  |j MZK50  |s N 
996 7 |b 2619943999  |c 2-0264.294  |d II/1  |v II/1  |l MZK  |r Sklad / do 24 hodin  |n 36  |w 000073465  |u 000020  |a 1  |e BOA001  |j MZK50  |s A 
996 7 |b 2619944008  |c 2-0264.294  |d II/3  |v II/3  |l MZK  |r Sklad / do 24 hodin  |n 5  |w 000073465  |u 000030  |a 1  |e BOA001  |j MZK50  |s A 
996 6 |b 2619960095  |c 2-0264.294  |l MZK  |r POP  |n 1  |p chodba 5.p.  |w 000073465  |u 000010  |a 1  |e BOA001  |j MZK50  |s P